Monitoring the degradation in shear and bulk moduli of rubber for inclusion in visco-elastic FE models (Record no. 63235)

MARC details
000 -LEADER
fixed length control field 00402nam a2200133Ia 4500
100 ## - MAIN ENTRY--AUTHOR NAME
Personal name Chouchaoui Ben
245 #0 - TITLE STATEMENT
Title Monitoring the degradation in shear and bulk moduli of rubber for inclusion in visco-elastic FE models
260 ## - PUBLICATION, DISTRIBUTION, ETC. (IMPRINT)
Name of publisher Rubber World
Year of publication 2000
300 ## - PHYSICAL DESCRIPTION
Number of Pages 32-38
650 ## - SUBJECT ADDED ENTRY--TOPICAL TERM
Topical Term Degradation
650 ## - SUBJECT ADDED ENTRY--TOPICAL TERM
Topical Term Visco-elastic FE models
942 ## - ADDED ENTRY ELEMENTS (KOHA)
Koha item type Journals
Holdings
Withdrawn status Lost status Damaged status Not for loan Home library Current library Shelving location Date acquired Serial Enumeration / chronology Koha item type
      Journals RRII Library RRII Library Rubber chemistry 17/12/2021 Volume 223, Issue 3 Journals